[Event "Berlin-ch"]
[Site "Berlin"]
[Date "2024.04.03"]
[Round "5"]
[White "Hesse, Henrik"]
[Black "Muse, Drazen"]
[Result "1-0"]
[WhiteElo "2312"]
[BlackElo "2316"]
[PlyCount "121"]
[EventDate "2024.03.30"]
[EventType "swiss"]
[EventRounds "9"]
[EventCountry "GER"]
[SourceTitle "CB15_2024"]
[SourceDate "2024.04.10"]
[SourceVersion "1"]
[SourceVersionDate "2024.04.10"]
[SourceQuality "1"]

1. c4 e5 2. g3 Nf6 3. Bg2 c6 4. d4 Bb4+ 5. Bd2 Bxd2+ 6. Qxd2 d6 7. Nc3 0-0 8. e4 Nbd7 9. Nf3 Nb6 10. b3 Bg4 11. 0-0 Bxf3 12. Bxf3 Nbd7 13. Bg2 Re8 14. Rad1 Nf8 15. Bh3 a6 16. f4 exf4 17. Qxf4 b5 18. c5 dxc5 19. e5 Ng6 20. Qf2 Qa5 21. exf6 Qxc3 22. fxg7 Ra7 23. dxc5 Re3 24. Rc1 Qe5 25. Rfe1 Re7 26. Rxe3 Qxe3 27. Qxe3 Rxe3 28. Kf2 Rd3 29. Rc2 b4 30. Bf1 Rd1 31. Bxa6 Ne5 32. Be2 Rh1 33. Kg2 Ra1 34. h4 Kxg7 35. Kf2 Kf6 36. Rd2 h6 37. Ke3 Rg1 38. Kf2 Ra1 39. Ke3 Rg1 40. Rd4 Rxg3+ 41. Kf2 Rc3 42. Rxb4 Rxc5 43. a4 Ke6 44. Rb7 Kf5 45. Ke3 Rc3+ 46. Kd2 Rh3 47. a5 Rxh4 48. a6 Rd4+ 49. Kc3 Rd8 50. a7 Ra8 51. Kd4 Kf4 52. Kc5 Ke3 53. Bh5 f5 54. Re7 Ke4 55. Kd6 Kd4 56. Rxe5 Rxa7 57. Rxf5 Rb7 58. Bf7 Rb5 59. Rxb5 cxb5 60. Kc6 b4 61. Kb5 1-0

[Event "Berlin-ch"]
[Site "Berlin"]
[Date "2024.04.02"]
[Round "4"]
[White "Polzin, Rainer"]
[Black "Hesse, Henrik"]
[Result "1-0"]
[WhiteElo "2401"]
[BlackElo "2312"]
[PlyCount "105"]
[EventDate "2024.03.30"]
[EventType "swiss"]
[EventRounds "9"]
[EventCountry "GER"]
[SourceTitle "CB15_2024"]
[SourceDate "2024.04.10"]
[SourceVersion "1"]
[SourceVersionDate "2024.04.10"]
[SourceQuality "1"]

1. e4 c5 2. Nf3 e6 3. d4 cxd4 4. Nxd4 a6 5. Nc3 b5 6. Bd3 Bb7 7. 0-0 Bc5 8. Nb3 Ba7 9. Qe2 b4 10. Nd1 Nc6 11. Be3 Bxe3 12. Nxe3 d6 13. Rad1 Nf6 14. Nc4 Qc7 15. f4 e5 16. Ne3 Ne7 17. Qe1 Qb6 18. Kh1 0-0 19. Nc4 Qc7 20. Qxb4 Nxe4 21. Nca5 Nc5 22. Nxc5 Bxg2+ 23. Kxg2 dxc5 24. Qb7 Qxa5 25. Qxe7 Rae8 26. Qh4 e4 27. Bc4 e3 28. Rfe1 Qa4 29. b3 Qc6+ 30. Kg1 Qg6+ 31. Kh1 Qe4+ 32. Kg1 Qg6+ 33. Qg3 Qxc2 34. Rd7 e2 35. Qf3 Qg6+ 36. Kf2 Qh6 37. Kg2 Qg6+ 38. Qg3 Qc6+ 39. Rd5 Re6 40. f5 Re4 41. Qd6 Qe8 42. Kf2 Re3 43. Rxe2 Rxe2+ 44. Bxe2 Qe4 45. Bf3 Qc2+ 46. Kg3 h6 47. f6 Qg6+ 48. Kf2 Re8 49. Qe7 Qc2+ 50. Be2 Rb8 51. Rd8+ Rxd8 52. Qxd8+ Kh7 53. Qd3+ 1-0

[Event "Basel Christmas op"]
[Site "Basel"]
[Date "2023.12.28"]
[Round "4"]
[White "Susilodinata, Andrean"]
[Black "Hesse, Henrik"]
[Result "1-0"]
[WhiteElo "2354"]
[BlackElo "2328"]
[PlyCount "103"]
[EventDate "2023.12.26"]
[EventType "swiss"]
[EventRounds "9"]
[EventCountry "SUI"]
[SourceTitle "CB02_2024"]
[SourceDate "2024.01.10"]
[SourceVersion "1"]
[SourceVersionDate "2024.01.10"]
[SourceQuality "1"]

1. e4 c5 2. Nf3 e6 3. d4 cxd4 4. Nxd4 a6 5. Bd3 Bc5 6. Nb3 Ba7 7. Qg4 Nf6 8. Qg3 d6 9. Nc3 Nc6 10. Bd2 b5 11. a3 Ne5 12. Be2 Bb7 13. 0-0-0 Rc8 14. f4 Ng6 15. Bd3 0-0 16. Kb1 d5 17. e5 Nd7 18. h4 f5 19. h5 Ne7 20. Be3 Nc5 21. Nd4 Nc6 22. Nce2 Qe7 23. Qf2 Nxd3 24. Rxd3 Nxd4 25. Bxd4 Bxd4 26. Nxd4 a5 27. Nxb5 Ba6 28. Nd6 Bxd3 29. Nxc8 Rxc8 30. cxd3 Qc7 31. h6 g5 32. Qg3 g4 33. Qh4 Qd8 34. Qxd8+ Rxd8 35. Rc1 Rd7 36. Rc6 Kf7 37. Ra6 Re7 38. Rxa5 Kg6 39. b4 Kxh6 40. b5 Kg6 41. b6 h5 42. Rb5 Re8 43. a4 h4 44. a5 g3 45. Rb2 Rb8 46. Ka2 Kh5 47. a6 h3 48. a7 Ra8 49. gxh3 Kh4 50. Kb1 Kxh3 51. b7 Rxa7 52. b8Q 1-0

[Event "Pardubice Czech op-A 34th"]
[Site "Pardubice"]
[Date "2023.07.26"]
[Round "6"]
[White "Hesse, Henrik"]
[Black "Kraus, Tomas"]
[Result "1/2-1/2"]
[WhiteElo "2263"]
[BlackElo "2484"]
[PlyCount "42"]
[EventDate "2023.07.21"]
[EventType "swiss"]
[EventRounds "9"]
[EventCountry "CZE"]
[SourceTitle "CBM 215 Extra"]
[Source "ChessBase"]
[SourceDate "2023.09.30"]
[SourceVersion "1"]
[SourceVersionDate "2023.09.30"]
[SourceQuality "1"]

1. c4 e6 2. g3 d5 3. Bg2 d4 4. Nf3 c5 5. e3 Nc6 6. exd4 cxd4 7. d3 Nf6 8. 0-0 Bd6 9. Na3 0-0 10. Nc2 e5 11. b4 Re8 12. c5 Bc7 13. Bg5 h6 14. Bxf6 Qxf6 15. b5 Ne7 16. Nd2 Rb8 17. Nb4 Bd7 18. a4 Ba5 19. Rb1 Rec8 20. Qe2 Bxb4 21. Rxb4 Qe6 1/2-1/2

[Event "GER CupT"]
[Site "Germany"]
[Date "2023.01.29"]
[Round "2.2"]
[White "Hesse, Henrik"]
[Black "Bornholdt, Joa Max"]
[Result "0-1"]
[WhiteElo "2160"]
[BlackElo "2297"]
[PlyCount "78"]
[EventDate "2023.01.28"]
[EventType "team-k.o."]
[EventRounds "4"]
[EventCountry "GER"]
[SourceTitle "EXT 2024"]
[Source "ChessBase"]
[SourceDate "2023.10.10"]
[SourceVersion "1"]
[SourceVersionDate "2023.10.10"]
[SourceQuality "1"]
[WhiteTeam "Oranienburg"]
[BlackTeam "Greifswald"]
[WhiteTeamCountry "GER"]
[BlackTeamCountry "GER"]

1. b3 e5 2. Bb2 Nc6 3. c4 Nf6 4. Nc3 d5 5. cxd5 Nxd5 6. g3 Bf5 7. Bg2 Ndb4 8. Rc1 Nd4 9. d3 c6 10. Nf3 Nxf3+ 11. Bxf3 Bh3 12. a3 Na6 13. b4 Qd7 14. Qa4 Rc8 15. b5 Nc5 16. bxc6 bxc6 17. Qc2 Bd6 18. Na4 Nxa4 19. Qxa4 0-0 20. Bc3 Qe7 21. Bb4 c5 22. Bd2 c4 23. Rxc4 Rxc4 24. Qxc4 Rc8 25. Qa4 Bxa3 26. Bg4 Rb8 27. e3 Bxg4 28. 0-0 Bf3 29. Ra1 Bc5 30. d4 Qe6 31. Kf1 Qh3+ 32. Ke1 Qxh2 33. Qa6 Qg1+ 34. Qf1 Qxf1+ 35. Kxf1 exd4 36. exd4 Bxd4 37. Rc1 h5 38. Bf4 Rb2 39. Rc8+ Kh7 0-1

[Event "Pardubice Czech op-A 32nd"]
[Site "Pardubice"]
[Date "2021.07.28"]
[Round "6"]
[White "Hesse, Henrik"]
[Black "Sarkar, Justin"]
[Result "1/2-1/2"]
[WhiteElo "2225"]
[BlackElo "2338"]
[PlyCount "24"]
[EventDate "2021.07.23"]
[EventType "swiss"]
[EventRounds "9"]
[EventCountry "CZE"]
[SourceTitle "CBM 203 Extra"]
[Source "ChessBase"]
[SourceDate "2021.09.30"]
[SourceVersion "1"]
[SourceVersionDate "2021.09.30"]
[SourceQuality "1"]

1. c4 Nf6 2. g3 g6 3. Bg2 Bg7 4. Nc3 0-0 5. e3 d6 6. Nge2 e5 7. d3 c6 8. 0-0 Re8 9. Rb1 a5 10. a3 Nbd7 11. b4 axb4 12. axb4 Nf8 1/2-1/2

[Event "Berlin Lichtenberger op 18th"]
[Site "Berlin"]
[Date "2019.08.20"]
[Round "4"]
[White "Hesse, Henrik"]
[Black "Teichert, Felix"]
[Result "1-0"]
[WhiteElo "2185"]
[BlackElo "2027"]
[PlyCount "49"]
[EventDate "2019.08.17"]
[EventType "swiss"]
[EventRounds "9"]
[EventCountry "GER"]
[SourceTitle "EXT 2020"]
[Source "ChessBase"]
[SourceDate "2019.10.17"]
[SourceVersion "1"]
[SourceVersionDate "2019.10.17"]
[SourceQuality "1"]

1. Nf3 c5 2. c4 g6 3. d4 cxd4 4. Nxd4 Nf6 5. Nc3 Bg7 6. e4 d6 7. Be2 Nc6 8. Be3 0-0 9. 0-0 Nxd4 10. Bxd4 Be6 11. f4 Qc8 12. b3 Re8 13. h3 h5 14. Qd3 Bd7 15. Rad1 Nh7 16. Bxg7 Kxg7 17. Qd4+ Kg8 18. e5 Bf5 19. exd6 exd6 20. Bf3 h4 21. Nb5 Rd8 22. Nxd6 Qc7 23. Qe5 f6 24. Qd5+ Kf8 25. Qxb7 1-0

[Event "Pardubice Czech op-A 30th"]
[Site "Pardubice"]
[Date "2019.07.27"]
[Round "9"]
[White "Kulon, Klaudia"]
[Black "Hesse, Henrik"]
[Result "1-0"]
[WhiteElo "2331"]
[BlackElo "2193"]
[PlyCount "115"]
[EventDate "2019.07.19"]
[EventType "swiss"]
[EventRounds "9"]
[EventCountry "CZE"]
[SourceTitle "CBM 191"]
[Source "ChessBase"]
[SourceDate "2019.08.31"]
[SourceVersion "1"]
[SourceVersionDate "2019.08.31"]
[SourceQuality "1"]

1. e4 c5 2. Nc3 e6 3. g3 Nc6 4. Bg2 Nf6 5. Nge2 Be7 6. 0-0 0-0 7. h3 a6 8. d4 cxd4 9. Nxd4 Qc7 10. Nb3 d6 11. a4 b6 12. f4 Bb7 13. g4 Nd7 14. g5 Nc5 15. h4 Nxb3 16. cxb3 Nb4 17. Be3 d5 18. Rc1 Bc5 19. Bxc5 Qxc5+ 20. Kh2 Qe7 21. e5 Rfd8 22. Qd4 Qc5 23. Qd2 Qe7 24. Ne2 Rac8 25. Qd4 Nc2 26. Qxb6 Qc7 27. Qa7 Qe7 28. Nd4 Ne3 29. Rfe1 Nxg2 30. Kxg2 Qb4 31. Kf1 Qd2 32. Ne2 Rxc1 33. Rxc1 d4 34. Qb6 Bg2+ 35. Kf2 Qe3+ 36. Ke1 Rf8 37. Qxd4 Qxb3 38. a5 g6 39. Qc3 Qb5 40. Kf2 Qd5 41. h5 Be4 42. h6 Bf5 43. b4 Bg4 44. Nd4 Rd8 45. Nc6 Qe4 46. Nxd8 Qxf4+ 47. Kg2 Bf3+ 48. Qxf3 Qxg5+ 49. Kh3 Qxh6+ 50. Kg4 Qh5+ 51. Kf4 Qf5+ 52. Ke3 Qxe5+ 53. Qe4 Qg5+ 54. Qf4 Qxd8 55. Rc7 f5 56. Qe5 Qg5+ 57. Kd3 Qd8+ 58. Kc3 1-0

[Event "EU-ch 20th"]
[Site "Skopje"]
[Date "2019.03.25"]
[Round "7"]
[White "Hesse, Henrik"]
[Black "Drazic, Sinisa"]
[Result "0-1"]
[WhiteElo "2165"]
[BlackElo "2370"]
[PlyCount "39"]
[EventDate "2019.03.18"]
[EventType "swiss"]
[EventRounds "11"]
[EventCountry "MKD"]
[SourceTitle "CBM 189"]
[Source "ChessBase"]
[SourceDate "2019.04.29"]
[SourceVersion "1"]
[SourceVersionDate "2019.04.29"]
[SourceQuality "1"]

1. c4 Nf6 2. g3 g6 3. Bg2 Bg7 4. Nc3 0-0 5. Nf3 d6 6. 0-0 Nc6 7. d3 a5 8. Rb1 Nh5 9. Bd2 f5 10. Ng5 e6 11. Nh3 Ne5 12. b3 Ng4 13. e3 c6 14. d4 e5 15. d5 e4 16. dxc6 bxc6 17. Ne2 Ne5 18. Bc3 Qc7 19. Nd4 Ra6 20. Qe2 0-1

[Event "EU-ch 20th"]
[Site "Skopje"]
[Date "2019.03.24"]
[Round "6"]
[White "Baenziger, Fabian"]
[Black "Hesse, Henrik"]
[Result "1/2-1/2"]
[WhiteElo "2351"]
[BlackElo "2165"]
[PlyCount "70"]
[EventDate "2019.03.18"]
[EventType "swiss"]
[EventRounds "11"]
[EventCountry "MKD"]
[SourceTitle "CBM 189"]
[Source "ChessBase"]
[SourceDate "2019.04.29"]
[SourceVersion "1"]
[SourceVersionDate "2019.04.29"]
[SourceQuality "1"]

1. c4 Nf6 2. Nc3 e6 3. e4 d5 4. e5 d4 5. exf6 dxc3 6. bxc3 Qxf6 7. d4 b6 8. Be2 Bb7 9. Bf3 Bxf3 10. Nxf3 Bd6 11. Qa4+ c6 12. 0-0 0-0 13. Re1 Qd8 14. Bg5 Qc7 15. c5 bxc5 16. dxc5 Bxc5 17. Rad1 Qb6 18. Rb1 Qa6 19. Qg4 Qd3 20. Rbd1 Qf5 21. Qc4 Bb6 22. a4 Qc5 23. Qg4 Qxf2+ 24. Kh1 Qc2 25. Qc4 Qf5 26. Re5 Qc2 27. Rc1 Qb2 28. Re2 Qa3 29. Qg4 Bd8 30. Bh6 Bf6 31. Rf1 Qxc3 32. Ng5 Bxg5 33. Qxg5 Nd7 34. Re3 Qb2 35. Rg3 g6 1/2-1/2